[Event "Olympiad Women 2024"]
[Site "Budapest HUN"]
[Date "2024.09.20"]
[Round "9.21"]
[Board "2"]
[White "Azhar, Puteri Munajjah Az-Zahraa"]
[Black "Rodshtein, Tereza"]
[Result "1/2-1/2"]
[WhiteElo "2014"]
[BlackElo "2149"]
[PlyCount "92"]
[EventDate "2024.09.11"]
[WhiteTeam "Malaysia"]
[BlackTeam "Czech Republic"]
[WhiteTeamCountry "MAS"]
[BlackTeamCountry "CZE"]

1. Nf3 d5 2. g3 c6 3. Bg2 Bg4 4. d3 Nd7 5. h3 Bh5 6. g4 Bg6 7. Nh4 e5 ({RR} 7... e6 8. Nxg6 hxg6 9. e3 Bd6 10. Qe2 Ne7 11. Nd2 g5 12. Nf3 Ng6 13. Bd2 Nde5 14. O-O-O Qf6 15. Bc3 Nxf3 16. Bxf6 {1-0 Morozevich,A (2755)-Rublevsky,S (2676) Wch Blitz 2nd 2007 (26)}) 8. Nxg6 hxg6 9. e3 ({RR} 9. Nd2 f5 10. c4 d4 11. e3 dxe3 12. fxe3 Qh4+ 13. Kf1 Bc5 14. d4 exd4 15. Nf3 Qg3 16. exd4 Bb4 17. a3 fxg4 18. hxg4 Rxh1+ 19. Bxh1 Ba5 20. b4 Bc7 21. Qe1+ Qxe1+ 22. Nxe1 Ngf6 23. Bf3 Nb6 {1-0 Kuznecovs,N (2291)-Stanojevic,I (2117) Titled Tue 14th Nov Late 2023 (7)}) 9... Bd6 10. Qe2 $146 ({RR} 10. b3 Ne7 11. Bb2 g5 12. c4 Ng6 13. cxd5 Nh4 14. O-O Nxg2 15. Kxg2 cxd5 16. Qf3 Nb6 17. Nc3 Be7 18. Qf5 Bf6 19. Rac1 O-O 20. Nb5 a6 21. Nc7 g6 22. Qf3 Rc8 23. Ba3 Bg7 24. Bxf8 Bxf8 {1-0 Hodgson,J-Lputian,S (2545) Yerevan Petrosian Memorial 1986}) 10... Ne7 11. e4 dxe4 12. dxe4 Nf8 13. c3 Ne6 14. O-O g5 15. Be3 Ng6 16. Nd2 Nef4 17. Bxf4 Nxf4 18. Qe3 Qe7 19. b4 O-O-O 20. Nc4 Bb8 21. Rfd1 Qe6 22. Bf1 g6 23. Rxd8+ Rxd8 24. Re1 Rh8 25. a4 Bc7 26. a5 Kb8 27. Qc5 Qf6 28. Qe3 Ne6 29. Rd1 Qf4 30. Rd7 Qf6 31. a6 Rd8 32. Rxd8+ Qxd8 33. axb7 Kxb7 34. Qd2 Qxd2 35. Nxd2 c5 36. b5 Ba5 37. Nb1 Kc7 38. f3 Kd6 39. Kf2 f6 40. Ke3 Nf4 41. Kd2 Bb6 42. Na3 Kd7 43. Nc4 Ke7 44. Ne3 Kd6 45. Nc4+ Ke7 46. Ne3 Kd6 1/2-1/2

[Event "Olympiad Women 2024"]
[Site "Budapest HUN"]
[Date "2024.09.20"]
[Round "9.21"]
[Board "3"]
[White "Korenova, Martina"]
[Black "Azhar, Puteri Rifqah Fahada"]
[Result "0-1"]
[WhiteElo "2104"]
[BlackElo "1947"]
[PlyCount "128"]
[EventDate "2024.09.11"]
[WhiteTeam "Czech Republic"]
[BlackTeam "Malaysia"]
[WhiteTeamCountry "CZE"]
[BlackTeamCountry "MAS"]

1. d4 d5 2. c4 c6 3. Nf3 Nf6 4. g3 e6 5. Bg2 Nbd7 6. O-O Ne4 7. Nfd2 f5 8. f3 Nxd2 9. Nxd2 Nf6 10. b3 Qa5 $146 ({RR} 10... Be7 11. Bb2 O-O 12. e4 a5 13. a3 b6 14. Qc2 Ra7 15. Rac1 Re8 16. Rfe1 Bd7 17. Re2 Bf8 18. Kh1 g6 19. Rce1 Re7 20. Nb1 Be8 21. Nc3 Rac7 22. Qd2 h6 23. Na2 Ra7 24. a4 g5 25. Ba3 {1-0 Jackelen,T (2325)-Middendorf,F BL2-West 8889 1988 [6]}) 11. Qc2 Ba3 12. e4 O-O 13. e5 Ne8 14. Bxa3 Qxa3 15. Nb1 Qe7 16. f4 Bd7 17. Nc3 Rc8 18. Qe2 Kh8 19. Kh1 Nc7 20. c5 Nb5 21. Qd3 Nxc3 22. Qxc3 Rg8 23. b4 g5 24. a4 g4 25. Rfb1 a6 26. Bf1 Ra8 27. b5 axb5 28. axb5 Rgc8 29. Ra5 Qd8 30. Rba1 cxb5 31. Bxb5 Bxb5 32. Rxb5 Rxa1+ 33. Qxa1 Qd7 34. Qa5 Kg7 35. Qb4 Rc7 36. Rb6 Qf7 37. Qa5 Re7 38. Rd6 h6 39. Qb6 Kh7 40. Rd8 Kg7 41. Ra8 Kh7 42. Qd8 Qg7 43. Ra7 Rd7 44. Qc8 Re7 45. Ra8 Rd7 46. Kg2 Re7 47. Kf2 h5 48. Ke3 h4 49. Kd3 hxg3 50. hxg3 Kg6 51. Kc3 Qh6 52. Kb4 Qh1 53. Qg8+ Rg7 54. Qxe6+ Kh7 55. Qxf5+ Rg6 56. Ra3 Qe1+ 57. Kb5 Qe2+ 58. Qd3 Qb2+ 59. Rb3 Qa2 60. Kb4 Kh6 61. f5 Ra6 62. Kc3 Qa1+ 63. Kd2 Ra2+ 64. Ke3 Qc1+ 0-1

[Event "Olympiad Women 2024"]
[Site "Budapest HUN"]
[Date "2024.09.20"]
[Round "9.21"]
[Board "4"]
[White "Nithyalakshmi, Sivanesan"]
[Black "Novosadova, Kristyna"]
[Result "1-0"]
[WhiteElo "1912"]
[BlackElo "2066"]
[PlyCount "71"]
[EventDate "2024.09.11"]
[WhiteTeam "Malaysia"]
[BlackTeam "Czech Republic"]
[WhiteTeamCountry "MAS"]
[BlackTeamCountry "CZE"]

1. e4 e5 2. Nf3 Nc6 3. d4 exd4 4. Nxd4 Bc5 5. Nb3 Bb6 6. Nc3 Qf6 7. Qe2 Nge7 8. Be3 d6 9. O-O-O Bd7 ({RR} 9... Bxe3+ 10. Qxe3 O-O 11. f3 a5 12. Nb5 a4 13. N3d4 Ra5 14. Nxc7 a3 15. b3 Nxd4 16. Qxd4 Qg5+ 17. Qd2 Qe5 18. Qd4 Qf4+ 19. Qd2 Qf6 20. Qd4 Qh6+ 21. Qd2 Qh5 22. g4 Qh4 23. Qxa5 Qf6 24. Qxa3 {1-0 Nithyalakshmi,S (1912)-Zeneli,K (2214) Titled Tue 3rd Sep Early 2024 (4)}) 10. f3 ({RR} 10. g3 h5 11. Bg2 h4 12. f4 O-O-O 13. Bxb6 axb6 14. Kb1 Qg6 15. Qf2 f5 16. Rde1 fxe4 17. Bxe4 Bf5 18. Bxf5+ Nxf5 19. Rhg1 hxg3 20. hxg3 Qg4 21. Nd2 Rh3 22. Nf1 Ncd4 23. Ne3 Nxe3 24. Rxe3 Nf5 {1-0 Mchedlishvili,M (2587)-Erdos,V (2615) Abu Dhabi op Blitz 27th 2021 (5)}) ({RR} 10. g3 O-O-O 11. Bxb6 axb6 12. Bg2 g5 13. Rhf1 Kb8 14. Kb1 g4 15. f4 gxf3 16. Rxf3 Qg6 17. Rf4 h5 18. Rdf1 Ne5 19. Nd4 Rde8 20. Qf2 N7c6 21. Nf5 Be6 22. Nd5 Ng4 23. Qg1 Nge5 24. b3 Qg5 {½-½ Schippke,M (2135)-Georgescu,L (2231) Mitropa Cup Women 2024 (2.14)}) 10... h5 $146 ({RR} 10... O-O-O 11. h4 Qe6 12. Bxb6 axb6 13. g4 h5 14. g5 f5 15. Bh3 Qf7 16. Rhf1 Ng6 17. Nd5 fxe4 18. fxe4 Qe8 19. Bxd7+ Rxd7 20. Qc4 Nge5 21. Qc3 Rf8 22. Nd4 Rxf1 23. Rxf1 Nxd4 24. Qxd4 Rf7 25. Rf5 {½-½ Oberoi,S (2146)-Javakhadze,Z (2460) US Masters Charlotte 2021 (5)}) ({RR} 10... O-O-O 11. Bxb6 axb6 12. Qc4 Ne5 13. Qb4 Qf4+ 14. Kb1 f5 15. a4 fxe4 16. Nxe4 Rhf8 17. a5 N7c6 18. Qa3 bxa5 19. Nxa5 Kb8 20. Bb5 Nxa5 21. Qxa5 Bc6 22. Rd4 b6 23. Qa4 Bxb5 24. Qxb5 Qf7 25. Rhd1 {1-0 Druska,J (2460)-Dietmayer Kraeutler,M (2345) Blansko 2019 (2)}) ({RR} 10... O-O-O 11. Kb1 Kb8 12. g3 Rhe8 13. Bg2 Qg6 14. Rhe1 f5 15. Bxb6 axb6 16. f4 fxe4 17. Bxe4 Bf5 18. Qf3 Qg4 19. Qg2 Bxe4 20. Qxe4 Qh5 21. Qg2 Nf5 22. Qf2 Qf7 23. g4 Nh6 24. h3 Rxe1 25. Rxe1 {½-½ Ballester Llagaria,L (2299)-Gonzalvez Tamarit,R (1974) Xativa Murta op 2nd 2016 (2)}) 11. h4 Bxe3+ 12. Qxe3 a6 13. Kb1 Ne5 14. Nd2 Qh6 15. Qg1 Be6 16. Be2 b5 17. g4 g6 18. g5 Qg7 19. f4 N5c6 20. Nb3 Bc4 21. Bf3 b4 22. Nd5 Nxd5 23. exd5 Bxb3 24. Qe3+ Kd8 25. Rhe1 Bxa2+ 26. Kxa2 Nb8 27. Rd4 a5 28. Qe7+ Kc8 29. Rc4 Ra7 30. Bg2 Na6 31. Qxd6 Kb8 32. Qd7 a4 33. Qb5+ Rb7 34. Qxa6 a3 35. Re5 Rb6 36. Qa5 1-0

[Event "Olympiad Women 2024"]
[Site "Budapest HUN"]
[Date "2024.09.20"]
[Round "9.22"]
[Board "1"]
[White "Zherebtsova, Alexandra"]
[Black "Shohradova, Lala"]
[Result "1-0"]
[WhiteElo "2239"]
[BlackElo "2030"]
[PlyCount "155"]
[EventDate "2024.09.11"]
[WhiteTeam "Montenegro"]
[BlackTeam "Turkmenistan"]
[WhiteTeamCountry "MNE"]
[BlackTeamCountry "TKM"]

1. c4 Nf6 2. Nc3 d5 3. cxd5 Nxd5 4. Nf3 c5 5. g3 Nc6 6. Bg2 e6 7. O-O Be7 8. d3 O-O 9. Bd2 b6 10. Nxd5 exd5 11. Bc3 ({RR} 11. d4 Nxd4 12. Nxd4 cxd4 13. Bf4 Bf6 14. Rc1 Ba6 15. Re1 Re8 16. Rc6 Rc8 17. Qa4 Rxc6 18. Qxc6 Re6 19. Qa4 Bxe2 20. Qxa7 d3 21. Qb7 Re7 22. Qc6 Re6 23. Qb7 Bxb2 24. Bxd5 Re7 25. Qc6 Qe8 {1-0 Boyer,M (2455)-Fressinet,L (2633) French Open Blitz 2024 (9.2)}) 11... d4 12. Bd2 $146 ({RR} 12. Nxd4 cxd4 13. Bxc6 Bh3 14. Bd2 Rc8 15. Bg2 Bxg2 16. Kxg2 Qd5+ 17. f3 Rfe8 18. Re1 Bg5 19. Bxg5 Qxg5 20. Rc1 h5 21. Rc4 Rcd8 22. Qc1 Re3 23. Rc8 h4 24. Qc7 h3+ 25. Kf1 Ree8 26. Rxd8 Rxd8 {1-0 Kokeny,N (2194)-Ladanyi,T (2154) Budapest-chT1 Lilienthal 1718 2017 (7)}) 12... Be6 13. Qa4 Bd5 14. e4 dxe3 15. fxe3 Rc8 16. Bc3 Nb4 17. Bxb4 cxb4 18. d4 a5 19. Rf2 Qe8 20. Qxe8 Rfxe8 21. Ne1 Bxg2 22. Nxg2 Bg5 23. Re1 a4 24. Rf5 Be7 25. Rf2 Bf6 26. Kf1 Bg5 27. Rf5 Be7 28. Rf2 a3 29. b3 Bg5 30. h4 Bh6 31. Rf5 Rc2 32. Re2 Rec8 33. Rxc2 Rxc2 34. Rf2 Rc1+ 35. Ke2 g6 36. g4 Bf8 37. Kf3 Be7 38. Rd2 Kf8 39. g5 Bd6 40. e4 Rf1+ 41. Rf2 Rd1 42. e5 Bc7 43. Rc2 Bd8 44. Ke4 b5 45. d5 Bb6 46. d6 Rd4+ 47. Kf3 Rd3+ 48. Kg4 Ke8 49. Nf4 Rd1 50. Rc8+ Bd8 51. Rb8 Rd2 52. Kf3 Rxa2 53. e6 fxe6 54. Nxe6 Kd7 55. Nf8+ Kxd6 56. Rxd8+ Ke7 57. Ra8 Rb2 58. Nxh7 Rxb3+ 59. Kf4 Rh3 60. h5 b3 61. Ra7+ Kd6 62. Rxa3 b2 63. Rxh3 b1=Q 64. hxg6 Qb4+ 65. Kf5 Qc5+ 66. Kg4 Qd4+ 67. Kh5 Ke7 68. Kh6 Qg4 69. Re3+ Kd6 70. g7 Qh4+ 71. Kg6 Qd4 72. Re8 Qd3+ 73. Kh6 Qh3+ 74. Kg6 Qd3+ 75. Kf7 Qc4+ 76. Kf8 Qf4+ 77. Nf6 Qxg5 78. Ne4+ 1-0

[Event "Olympiad Women 2024"]
[Site "Budapest HUN"]
[Date "2024.09.20"]
[Round "9.22"]
[Board "2"]
[White "Agajanova, Meryem"]
[Black "Milovic, Aleksandra"]
[Result "1-0"]
[WhiteElo "2007"]
[BlackElo "2121"]
[PlyCount "64"]
[EventDate "2024.09.11"]
[WhiteTeam "Turkmenistan"]
[BlackTeam "Montenegro"]
[WhiteTeamCountry "TKM"]
[BlackTeamCountry "MNE"]

1. d4 f5 2. Nf3 Nf6 3. g3 g6 4. Bg2 Bg7 5. O-O O-O 6. b3 d6 7. Bb2 Qe8 8. c4 Na6 9. a3 ({RR} 9. Re1 Kh8 10. Nc3 e5 11. dxe5 dxe5 12. e4 f4 13. Nd5 Nh5 14. Ba3 Rf7 15. Ng5 Rd7 16. Bh3 Rd8 17. Bxc8 Raxc8 18. Qg4 c6 19. Ne7 Rc7 20. Qe6 Bf6 21. Nf7+ Kg7 22. Nxd8 Qxd8 23. Rad1 Qxe7 {1-0 Van Wely,L (2560)-Van Mil,J (2490) Leeuwarden op 1994 (5)}) ({RR} 9. d5 Nc5 10. Nbd2 c6 11. Nd4 cxd5 12. cxd5 Bd7 13. Rc1 Rc8 14. Kh1 Qf7 15. Ne6 Nxe6 16. dxe6 Bxe6 17. Bxb7 Bd5+ 18. Bxd5 Qxd5+ 19. Nf3 Rxc1 20. Qxc1 f4 21. Rd1 Qe4 22. Qc4+ Qxc4 23. bxc4 Ne4 {0-1 Hajiyev,K (2129)-Sturt,R (2459) Titled Tue 23rd Jan Late 2024 (11)}) 9... Rb8 $146 ({RR} 9... c5 10. d5 Nc7 11. Nc3 h6 12. b4 b6 13. Rb1 g5 14. e3 Qg6 15. bxc5 bxc5 16. Qa4 Bd7 17. Qa5 Nce8 18. Ne2 Qh5 19. Ba1 e5 20. dxe6 Bxe6 21. Rfc1 Rf7 22. Nfd4 Ne4 23. Bf3 Qg6 24. Nxe6 {0-1 Kalka,A (2407)-Wiersma,E (2425) NED-chT 0607 2006 (1.6)}) ({RR} 9... c6 10. b4 Bd7 11. Nbd2 h6 12. Qc2 g5 13. e3 Qh5 14. b5 Nc7 15. a4 f4 16. exf4 gxf4 17. Rfe1 Rae8 18. Qb3 Ne6 19. c5 d5 20. Re5 Ng5 21. Nxg5 hxg5 22. h4 Nh7 23. Nf3 Bxe5 24. Nxe5 {0-1 Vadasz,L (2375)-Galyas,M (2300) Balatonalmadi op-A 1996 (8)}) ({RR} 9... e5 10. dxe5 Ng4 11. Ra2 Nxe5 12. Nbd2 c6 13. Qa1 Qe7 14. Rd1 Rb8 15. b4 Nc7 16. Bc3 Nxf3+ 17. Nxf3 Be6 18. Bxg7 Qxg7 19. Qxg7+ Kxg7 20. Rc2 Rbd8 21. Nd4 Bf7 22. e3 c5 23. Nf3 b5 24. Bf1 {½-½ Rosenbaum,V (2124)-Anaskin,A (2142) Prague Golden op 13th 2017 (9)}) 10. Qc2 b5 11. cxb5 Qxb5 12. b4 Ne4 13. Nc3 Qc4 14. Nd2 Qxd4 15. Ndxe4 fxe4 16. Bxe4 Bf5 17. Rab1 c5 18. Bxf5 gxf5 19. b5 Qc4 20. bxa6 Rb3 21. Ba1 Rxa3 22. Rfc1 Rxa6 23. Qd3 Qxd3 24. exd3 Bxc3 25. Bxc3 f4 26. Rb7 fxg3 27. hxg3 Kf7 28. Re1 Re8 29. d4 c4 30. d5 Ra3 31. Re3 a5 32. Rc7 a4 1-0

[Event "Olympiad Women 2024"]
[Site "Budapest HUN"]
[Date "2024.09.20"]
[Round "9.22"]
[Board "3"]
[White "Koljevic, Nikolina"]
[Black "Shohradova, Leyla"]
[Result "1/2-1/2"]
[WhiteElo "2030"]
[BlackElo "1873"]
[PlyCount "81"]
[EventDate "2024.09.11"]
[WhiteTeam "Montenegro"]
[BlackTeam "Turkmenistan"]
[WhiteTeamCountry "MNE"]
[BlackTeamCountry "TKM"]

1. e4 {Sutovsky,Emil} e6 2. d4 d5 3. Nc3 Bb4 4. e5 Ne7 5. a3 Bxc3+ 6. bxc3 c5 7. Qg4 cxd4 8. Qxg7 Rg8 9. Qxh7 Qc7 10. Ne2 Nbc6 11. f4 dxc3 12. h4 Bd7 13. h5 O-O-O 14. Qd3 d4 15. Rb1 ({RR} 15. h6 Be8 16. Rb1 Nd5 ({RR} 16... f6 17. exf6 Nd5 ({RR} 17... Bg6 18. Qc4 Nd5 19. f7) 18. Nxd4 Bg6) 17. Nxd4 Nxf4 18. Bxf4 Rxd4 19. Qe3 f5 20. Bd3 Ra4 21. Rh3 Qh7 ({RR} 21... Ne7 22. Rg3 Bg6 ({RR} 22... Rxg3 23. Qxg3 Bg6 24. Rb4) ({RR} 22... Nd5 23. Rxg8 Nxe3 24. Rxe8+ Kd7 25. Bb5+) 23. Rb4 Nd5 24. Rxg6 Rxg6 25. h7 Qxh7 26. Qc5+ Qc7 27. Qxc7+ Kxc7 28. Rxa4) 22. Rb3 ({RR} 22. Rg3 Rxf4 23. Rxg8 Qxh6 24. Qg3 ({RR} 24. Rxe8+ Kc7) 24... Nd8 ({RR} 24... Rh4 25. Rd1 Kc7) 25. Rh8 Qxh8 26. Qxf4 Bc6) 22... Rxg2 23. Rg3 ({RR} 23. Rxc3 Rg4 24. Bc4 b5 25. Bxe6+ Kb7 26. Qc5 Rgxf4 27. Qxb5+ Kc7 28. Bd5 Qg6 29. Rhg3 ({RR} 29. Qc5)) 23... Rxf4 24. Rxg2 Qxh6 25. Rxc3 Kd8 26. Kd1 Ke7 ({RR} 26... Qh1+ 27. Rg1 Qf3+ 28. Be2 Qxe3 29. Rxe3) ({RR} 26... Nxe5 27. Qxe5 Qh1+ 28. Kd2 Qxg2+ 29. Be2 Qd5+ 30. Rd3) 27. Kc1 Nxe5 28. Qc5+ Kf6 29. Kb2 Bc6 {1-0 Sutovsky,E (2628)-Kovalenko,I (2684) Gibraltar Masters 15th 2017 (10)} {RR} 30. Rg8) 15... Nd5 $146 ({RR} 15... Be8 16. h6 f6 17. exf6 Bg6 18. Qc4 Nd5 19. Nxd4 Nxd4 20. Qxd4 Bxc2 21. Rb5 b6 22. Kf2 Rgf8 23. Bc4 Nxf6 24. Bxe6+ Kb8 25. Qe5 Ne4+ 26. Kg1 Ng3 27. Qxc7+ Kxc7 28. Rh3 Rd1+ 29. Kh2 Nf1+ 30. Kg1 {0-1 Yu,J (2315)-Abrahamyan,T (2358) USA-ch (Women) online rapid 2020 (7)}) ({RR} 15... Kb8 16. g3 Bc8 17. Bg2 b6 18. h6 Bb7 19. h7 Rh8 20. Be4 Nf5 21. g4 Ne3 22. Bxe3 dxe3 23. Qxc3 Rc8 24. Rh3 Qe7 25. Qxe3 Na5 26. Bxb7 Qxb7 27. c3 Nc4 28. Qg3 Qe4 29. Rd1 Rxh7 30. Rd4 {1-0 Shuvalov,E (2079)-Clawitter,C (2050) Titled Tue 27th Feb Early 2024 (4)}) ({RR} 15... Nf5 16. Rg1 Rg4 17. g3 Nce7 18. Bh3 Rg7 19. g4 Nh4 20. Qg3 d3 21. cxd3 Nef5 22. Qf2 Bc6 23. gxf5 Nf3+ 24. Kf1 Nxg1 25. Nxg1 Rxd3 26. fxe6 Rxh3 27. Nxh3 Bg2+ 28. Ke1 Bxh3 29. exf7 Rxf7 30. Qxa7 {1-0 Ljikar,T (1821)-Terzidaki,A (1958) EU-ch U18 Girls 2012 (5)}) ({RR} 15... Nf5 16. Rg1 a6 17. g4 Nfe7 18. g5 Nf5 19. Ng3 Nce7 20. Nxf5 Nxf5 21. Qxa6 Bc6 22. Qd3 Ba4 23. Bg2 b5 24. Be4 Bxc2 25. Qxc2 d3 26. Bxd3 Nd4 27. Qg2 c2 28. Rb4 Qc3+ 29. Kf2 Qxd3 30. Re1 {0-1 Kavyev,R (2007)-Gitelson,A (2008) Saratov Regional-ch 2015 (4)}) 16. Nxd4 Nxd4 17. Qxd4 Kb8 18. h6 Bc6 19. h7 Rh8 20. Bd3 Qe7 21. Rh6 Qf8 22. f5 Qg7 23. g4 Rxh7 24. f6 Qxh6 25. Bxh6 Rxh6 26. Be4 Rdh8 27. Bxd5 Bxd5 28. Rd1 Rh1+ 29. Kf2 R1h2+ 30. Kg3 R2h3+ 31. Kf2 Rh2+ 32. Kg3 Rg2+ 33. Kf4 Rg8 34. Qc5 R8xg4+ 35. Ke3 Re4+ 36. Kf3 Rd2 37. Qd6+ Kc8 38. Qf8+ Kc7 39. Qd6+ Kc8 40. Qf8+ Kc7 41. Qd6+ 1/2-1/2

[Event "Olympiad Women 2024"]
[Site "Budapest HUN"]
[Date "2024.09.20"]
[Round "9.22"]
[Board "4"]
[White "Arazmedova, Enesh"]
[Black "Popovic, Mateja"]
[Result "1-0"]
[WhiteElo "1761"]
[BlackElo "1932"]
[PlyCount "62"]
[EventDate "2024.09.11"]
[WhiteTeam "Turkmenistan"]
[BlackTeam "Montenegro"]
[WhiteTeamCountry "TKM"]
[BlackTeamCountry "MNE"]

1. e4 c5 2. Nf3 d6 3. d4 cxd4 4. Nxd4 Nf6 5. Nc3 Nc6 6. Bc4 a6 7. Nxc6 bxc6 8. e5 d5 9. exf6 dxc4 10. Qxd8+ Kxd8 11. fxe7+ Bxe7 12. Bf4 ({RR} 12. Be3 Be6 13. O-O-O+ Kc8 14. Na4 Rb8 15. Bc5 Bg5+ 16. Kb1 Rb5 17. Bd4 Be7 18. Rhe1 Rd8 19. g3 g5 20. Nb6+ Kb7 21. Nxc4 Rbd5 22. c3 c5 23. Ne3 cxd4 24. Nxd5 Rxd5 25. Rxd4 Rf5 26. Rxe6 fxe6 {1-0 Polgar,S (2450)-Polgar,J (2696) Porto Vecchio m rapid 2013 (2)}) 12... Be6 13. Na4 ({RR} 13. O-O-O+ Kc8 14. Na4 Kb7 15. Bd6 Bxd6 16. Rxd6 Rad8 17. Nc5+ Kb6 18. Rxd8 Rxd8 19. Nxe6 fxe6 20. Re1 Rf8 21. f3 Rf6 22. Kd2 Kc5 23. Kc3 Rg6 24. Re5+ Kd6 25. Re2 Kc5 26. f4 Rh6 27. g3 a5 {1-0 Golubev,M (2461)-Hernandez,A (2026) Titled Tue 11th Jun Early 2024 (3)}) 13... Bb4+ $146 ({RR} 13... Ra7 14. O-O-O+ Ke8 15. Be3 Rb7 16. Nc5 Bxc5 17. Bxc5 Rb5 18. Ba3 Rd5 19. Rhe1 Kd7 20. h3 Rd8 21. Bb4 Kc7 22. f4 Rxd1+ 23. Rxd1 Rd5 24. Bc3 f6 25. Rd4 Rxd4 26. Bxd4 Kd6 27. Kd2 Kd5 28. Ke3 {½-½ Granados Diaz,M (1880)-Pilarte,M (1793) NCA-ch sf Managua 2022 (5)}) 14. c3 Ba5 15. Nc5 Kc8 16. Nxe6 Re8 17. O-O-O Rxe6 18. Rhe1 Bc7 19. Bxc7 Kxc7 20. Rxe6 fxe6 21. Rd4 Rf8 22. f3 Rf6 23. Rg4 Rg6 24. Rxg6 hxg6 25. h4 Kd6 26. Kd2 c5 27. Ke3 Ke5 28. g4 a5 29. a4 Kf6 30. Ke4 g5 31. hxg5+ Kxg5 1-0

[Event "Olympiad Women 2024"]
[Site "Budapest HUN"]
[Date "2024.09.20"]
[Round "9.23"]
[Board "1"]
[White "Mayorga Araya, Sofia"]
[Black "Terao, Juliana Sayumi"]
[Result "0-1"]
[WhiteElo "2059"]
[BlackElo "2161"]
[PlyCount "58"]
[EventDate "2024.09.11"]
[WhiteTeam "Costa Rica"]
[BlackTeam "Brazil"]
[WhiteTeamCountry "CRI"]
[BlackTeamCountry "BRA"]

1. e4 e5 2. Nf3 Nc6 3. Bb5 a6 4. Ba4 Nf6 5. Qe2 b5 6. Bb3 Bc5 7. c3 O-O 8. O-O d6 9. Rd1 Bb6 10. d4 ({RR} 10. d3 Be6 11. Nbd2 Bxb3 12. axb3 Ne7 13. Nf1 Ng6 14. Ng3 Re8 15. Be3 c5 16. Nf5 Ne7 17. Nxe7+ Qxe7 18. c4 Nd7 19. h3 Nf8 20. b4 f6 21. bxc5 dxc5 22. b4 Ne6 23. Rdb1 Qd7 24. Qc2 Qc6 {1-0 Safarli,E (2660)-Ponomariov,R (2743) Wch Blitz 7th 2013 (2)}) ({RR} 10. d3 h6 11. a4 b4 12. Be3 Bxe3 13. fxe3 Na5 14. Nbd2 Rb8 15. Bc4 d5 16. exd5 bxc3 17. bxc3 Nxd5 18. Ne4 Bf5 19. Rac1 c6 20. Ng3 Bg4 21. h3 Bxf3 22. Qxf3 Qg5 23. Bxd5 cxd5 24. Kh2 Nb3 {0-1 Toma,K (2201)-Hanache,K (1998) British Rapidplay 2024 (11.20)}) 10... exd4 11. cxd4 $146 ({RR} 11. Nxd4 Qe8 12. f3 d5 13. Bg5 dxe4 14. Bxf6 gxf6 15. Qxe4 Qxe4 16. fxe4 Bg4 17. Rd2 Nxd4 18. cxd4 Rad8 19. Bd5 Rd6 20. h3 Bh5 21. Nc3 c6 22. Bb3 Rxd4 23. Rxd4 Bxd4+ 24. Kf1 Re8 25. Re1 Bg6 {0-1 Vasiliev,O (2296)-Deutsch,E (2380) Maccabiah GM2 2013 (9)}) ({RR} 11. Nxd4 Ne5 12. Bf4 Qe8 13. Nd2 Bg4 14. f3 c5 15. fxg4 cxd4 16. cxd4 Bxd4+ 17. Be3 Bxb2 18. Rab1 Ba3 19. g5 Nfg4 20. Bd4 Nc6 21. Qxg4 Nxd4 22. Bd5 Rc8 23. Nb3 Nc2 24. Qf3 Qe5 25. Rf1 Rc7 {0-1 Gu,C (1302)-Lee,M (2115) Las Vegas National op (Women) 2019 (1)}) 11... Bg4 12. Be3 Qe8 13. Nc3 Nxe4 14. Nxe4 Qxe4 15. Bc2 Qd5 16. Qd3 Qh5 17. Qe4 Nb4 18. Bb1 Rae8 19. Qf4 Nd5 20. Qg3 Nxe3 21. fxe3 Rxe3 22. Bc2 Bxf3 23. gxf3 Rxf3 24. Qe1 Rf4 25. Rd3 Bxd4+ 26. Kg2 Qd5+ 27. Kh3 Qf5+ 28. Kg2 Rf2+ 29. Kg3 Qf4+ 0-1

[Event "Olympiad Women 2024"]
[Site "Budapest HUN"]
[Date "2024.09.20"]
[Round "9.23"]
[Board "2"]
[White "Librelato, Kathie Goulart"]
[Black "Rodriguez Arrieta, Maria Elena"]
[Result "1-0"]
[WhiteElo "2181"]
[BlackElo "1941"]
[PlyCount "77"]
[EventDate "2024.09.11"]
[WhiteTeam "Brazil"]
[BlackTeam "Costa Rica"]
[WhiteTeamCountry "BRA"]
[BlackTeamCountry "CRI"]

1. e4 e5 2. Nf3 Nc6 3. Bb5 a6 4. Ba4 Nf6 5. O-O Be7 6. Re1 b5 7. Bb3 d6 8. c3 O-O 9. h3 Nb8 10. d4 Nbd7 11. Nbd2 Bb7 12. Bc2 Re8 13. Nf1 Bf8 14. Ng3 g6 15. a4 c5 16. d5 c4 17. Bg5 h6 18. Be3 Bg7 ({RR} 18... Qc7 19. Qd2 h5 20. Bh6 Reb8 21. Bxf8 Nxf8 22. Qh6 Qe7 23. Nd2 N6d7 24. Rf1 Bc8 25. f4 Nh7 26. axb5 axb5 27. Nf3 Qf8 28. Qxf8+ Nhxf8 29. fxe5 Nxe5 30. Nxe5 dxe5 31. b3 Nd7 32. b4 Kg7 33. Kf2 {1-0 Grandelius,N (2643)-Karjakin,S (2785) Wch Rapid Doha 2016 (1)}) 19. Nd2 ({RR} 19. Qd2 Kh7 20. Rf1 Rf8 21. Nh2 Qe7 22. Ne2 Nc5 23. f3 Nfd7 24. g4 bxa4 25. Bxa4 a5 26. Ra3 Qd8 27. Bxd7 Nxd7 28. Ng3 Ba6 29. Kg2 Bb5 30. h4 f6 31. h5 g5 32. Nf5 Qc7 33. Rfa1 Rfb8 {½-½ Nemeth Junior,H (2147)-Von Buelow,G (2345) 10th Floripa Open 2024 (6.15)}) 19... Qc7 20. Qf3 Nc5 21. Ne2 $146 ({RR} 21. Ngf1 Kh7 22. Nh2 Reb8 23. Ng4 Nxg4 24. hxg4 Bc8 25. Qh3 bxa4 26. Bxa4 Nxa4 27. Rxa4 Rxb2 28. Rxc4 Qd7 29. f3 a5 30. Kf2 Ba6 31. Rc6 Bb5 32. Rh1 Rh8 33. Rb6 Qc7 34. Kg3 Rxd2 35. Rxb5 Rd3 {0-1 Silverio,V (1802)-Rodrigues,J (1748) II Manaus Open 2023 (7.26)}) 21... Nfd7 22. Ra3 Nb6 23. a5 Nbd7 24. g4 Qd8 25. Qg3 Rc8 26. h4 Qe7 27. Qh3 Rc7 28. Ng3 Qd8 29. Kg2 Bc8 30. f3 Bb7 31. Rg1 Bc8 32. Kf2 Rb7 33. Raa1 Rc7 34. Ke2 Rb7 35. Rh1 Rc7 36. Qg2 Rb7 37. Rag1 Rc7 38. Nf5 gxf5 39. gxf5 1-0

[Event "Olympiad Women 2024"]
[Site "Budapest HUN"]
[Date "2024.09.20"]
[Round "9.23"]
[Board "3"]
[White "Acevedo Mendez, Jennifer"]
[Black "Alboredo, Julia"]
[Result "0-1"]
[WhiteElo "1836"]
[BlackElo "2127"]
[PlyCount "92"]
[EventDate "2024.09.11"]
[WhiteTeam "Costa Rica"]
[BlackTeam "Brazil"]
[WhiteTeamCountry "CRI"]
[BlackTeamCountry "BRA"]

1. e4 c5 2. Nf3 Nc6 3. d4 cxd4 4. Nxd4 Nf6 5. Nc3 e5 6. Ndb5 d6 7. Bg5 a6 8. Na3 b5 9. Nab1 Ne7 10. Bxf6 gxf6 11. Nd5 ({RR} 11. a4 b4 12. Nd5 Nxd5 13. exd5 f5 14. Nd2 Bg7 15. Be2 O-O 16. O-O e4 17. Nc4 a5 18. Qd2 Ba6 19. Rab1 Bxc4 20. Bxc4 Kh8 21. Kh1 Qh4 22. g3 Qh6 23. Qe2 Rae8 24. f4 Bd4 25. Bb5 Rd8 {½-½ Mohamed,A (2253)-Alsina Leal,D (2497) Sunway Formentera TB 5-8 2024 (1.1)}) 11... Nxd5 12. Qxd5 Be6 13. Qc6+ $146 ({RR} 13. Qd1 d5 14. exd5 Bxd5 15. Nc3 Bb4 16. a4 Rc8 17. Be2 Bxg2 18. Qxd8+ Kxd8 19. Rg1 Rxc3 20. O-O-O+ Ke7 21. bxc3 Ba3+ 22. Kb1 Bc6 23. axb5 axb5 24. Ka2 Bc5 25. Rgf1 Rb8 26. Kb3 Bg2 27. Rg1 Be4 {0-1 Alvarez Albiol,V (2159)-Adewumi,T (2295) Titled Tue 19th Sep Late 2023 (2)}) 13... Bd7 14. Qd5 Rc8 15. c3 Bc6 16. Qd3 Rg8 17. Nd2 d5 18. exd5 Qxd5 19. Qxd5 Bxd5 20. a4 Bc6 21. axb5 axb5 22. Ra6 Kd8 23. Rg1 Rg4 24. Bd3 Ra4 25. Rxa4 bxa4 26. Bxh7 Rb8 27. Nc4 Bd5 28. Bd3 Bxc4 29. Bxc4 Rxb2 30. Rf1 a3 31. Bxf7 a2 32. Bxa2 Rxa2 33. f3 Bc5 34. h4 Rxg2 35. Rh1 Be3 36. h5 Bh6 37. Rh4 Ke7 38. Kf1 Rc2 39. Ra4 Rh2 40. Ra7+ Ke6 41. c4 Rxh5 42. Ra6+ Kf5 43. Kg2 Rh4 44. Rc6 Rd4 45. Rc8 Rd2+ 46. Kf1 Kf4 0-1